| 000 | 00507ntaaa2200181 4500 | ||
|---|---|---|---|
| 003 | 01 | ||
| 005 | 20251027202539.0 | ||
| 008 | 0714s1973 ag 01 | ||
| 040 |
_aAR-BaBN _bspa _cAR-BaBN _eaacr _dRIC |
||
| 082 | _a289.9920 Ig4p | ||
| 100 |
_aIglesia Nueva Apostólica _924493 |
||
| 245 | _aPreguntas y respuestas sobre la fe nueva apostólica | ||
| 250 | _a4 ed. rev. | ||
| 260 |
_aBuenos Aires : _bIglesia Nueva Apostólica, _c1973 |
||
| 300 | _a142 p | ||
| 650 |
_anuevos apostolicos _922420 |
||
| 942 | _cBK | ||
| 999 |
_c20511 _d20511 |
||